000 00309nam a22001457a 4500
003 SGT
082 _aKUN 530
100 _aKUNJU A SALAHUDDIN
245 _aGROUP THEORY AND IT'S APPLICATION
250 _a2ND
260 _aNEW DELHI
_bPHI
_c2015
300 _a222
650 _aPHYSICS
942 _2ddc
_cFPS
_02
999 _c10091
_d10091